Quick Pick: 10-1 Nintendo Quiz Stats

 Plays Quiz not verified by Sporcle

Score 0/10 Timer 01:30
0 Plays Today
% Correct
Screens on a Game Boy Advanced
58.4%
Main series Pokemon games on the Game Boy and Game Boy Colour
37.6%
Ancient Sages in The Legend of Zelda: Twilight Princess
34.6%
Titles released for the Nintendo 64DD
32.3%
'DS' titled handheld systems (not 3DS)
30.8%
Stages available during Splatoon Splatfests
28.7%
30th Anniversary Mario Amiibos
28.5%
Captains in Super Mario Strikers
27.3%
Games released in the New Wide Screen Game & Watch format
25%
New powers introduced in Kirby: Triple Deluxe
23.1%

You're not logged in!

Compare scores with friends on all Sporcle quizzes.
OR
Log In

You Might Also Like...

Show Comments

Extras

Top Quizzes Today


Score Distribution

Your Account Isn't Verified!

In order to create a playlist on Sporcle, you need to verify the email address you used during registration. Go to your Sporcle Settings to finish the process.

Report this User

Report this user for behavior that violates our Community Guidelines.

Details: